000 00487nam a2200205Ia 4500
005 20240823030911.0
008 240823s9999||||xx |||||||||||||| ||und||
020 _a978-1405-122-696
041 _aENGLISH
082 _A616.079 P4
100 _aDarla J Wise
245 0 _aImmunology A Comprehensive Review
250 _a1st
260 _c2004
_bANE
500 _aYES
650 _aImmunology
_bBio Medical Engg.
700 _a Gordon R Carter
942 _cBK
999 _c189793
_d189793